Statistics for Macho Man Randy Savage trivia

Click here to take the quiz!

General Stats

  • This quiz has been taken 33 times
    (32 since last reset)
  • The average score is 18 of 24

Answer Stats

Hint Answer % Correct
Who did Savage face at WrestleMania III?Ricky "the Dragon" Steamboat
100%
What group was formed when Savage's tag team partner betrayed him at Bash at the Beach in 1996?New World Order
95%
What was the name of the tag team of Randy Savage and Hulk Hogan?the Mega Powers
95%
What was the name of Randy's valet and wife?Miss Elizabeth
95%
What snack food did Macho Man become a spokesman for?Slim Jim
95%
What was Randy Savage's real last name?Poffo
90%
Which two men are the ones who ended all of Macho Man's world championship reigns in WWF and WCW?Hulk Hogan
90%
What year did they divorce?1992
90%
Who defeated Savage at Wrestlemania VII, forcing him to retire from active wrestling?Ultimate Warrior
90%
Between WWF and WCW, how many world championships did Macho Man win?6
85%
What year did Macho Man win the King of the Ring tournament?1987
85%
Who became Savage's manager after his on-screen split with his wife?Sensational Sherri
85%
What is the first name of Randy's brother, who was also a professional wrestler?Lanny
75%
What was Macho Man's finishing move?Diving elbow drop
70%
Who did Savage defeat in the final round of the WWF Championship tournament at Wrestlemania IV?Ted DiBiase
70%
Ric Flair
70%
What year was Macho Man finally inducted into the WWE Hall of Fame?2015
70%
Who did Randy Savage defeat to win the Intercontinental Championship in 1986?Tito Santana
65%
Savage's most famous entrance theme, "Pomp and Circumstance," is also commonly used at what type of event?graduation ceremonies
65%
What WWE superstar added Savage's signature move to his arsenal in tribute, after his death in 2011?CM Punk
65%
What position did he play?catcher
55%
In 2003, Macho Man released a rap album containing a diss track aimed at Hulk Hogan. What was the song called?Be a Man
50%
What was the name of the character Randy played in the film Spider-Man?Bonesaw McGraw
45%
Before becoming a wrestler, Randy signed a minor-league contract with which Major League baseball team?St. Louis Cardinals
35%

Score Distribution

Percentile by Number Answered

Percent of People with Each Score

Your Score History

You have not taken this quiz since the last reset